Born in Mogadishu - Statistics

General Stats
  • This quiz has been taken 7 times
  • The average score is 6 of 13
Answer Stats
Hint Answer % Correct
Somali supermodel and wife of David Bowie until his death 1955 Iman
86%
Canadian minister of housing and diversity and inclusion since 2021, first Somali-Canadian to hold a federal Cabinet position 1976 Ahmed Hussen
43%
Former member of the Dutch House of Representatives and activist, she is known as a critic of Islam and a women's right activist 1969 Ayaan Hirsi Ali
43%
Somali-American actor, "Captain Phillips" "Good Time" "Blade Runner 2049" 1985 Barkhad Abdi
43%
Democratic representative from Minnesota, first Somali African and one of the first two Muslim women in the U.S. congress 1982 Ilhan Omar
43%
Somali-Canadian singer, "Wavin' Flag" 1978 K'naan
43%
President of Somalia from 2017 to 2022 1962 Mohamed Abdullahi Mohamed
43%
Canadian long-distance runner, he won the silver medal at the 2020 Olympics in the 5000 metres 1991 Mohammed Ahmed
43%
Prime Minister of Somalia from 2007 to 2009 1938 Nur Hassan Hussein
43%
Sprinter who competed for Somalia at the 2008 Olympics, she drowned aged 21 while attempting to cross the Mediterranean Sea from Libya to Italy 1991 Samia Yusuf Omar
43%
Winner of the silver medal in the marathon at the 2020 Olympics representing the Netherlands 1989 Abdi Nageeye
29%
Prime Minister of Somalia from 2009 to 2010 and again from 2014 to 2017 1960 Omar Sharmarke
29%
Somali-Canadian model, she has appeared on the covers of several international magazines and has modelled for several famous designers 1976 Yasmin Warsame
29%
No matching quizzes found
Score Distribution
Percent of People with Each Score
Percentile by Number Answered
Your Score History
You have not taken this quiz